La enseñanza de las ciencias en la educación secundaria : (Record no. 144154)
[ view plain ]
| 000 -CABECERA | |
|---|---|
| campo de control de longitud fija | 00807nam a2200217 u 4500 |
| 005 - FECHA Y HORA DE LA ÚLTIMA TRANSACCIÓN | |
| campo de control | 20260415064146.0 |
| 008 - ELEMENTOS DE LONGITUD FIJA--INFORMACIÓN GENERAL | |
| campo de control de longitud fija | 090825s2002 es r 000 0 spa d |
| 020 ## - NÚMERO INTERNACIONAL NORMALIZADO PARA LIBROS | |
| Número Internacional Estándar del Libro | 8485840100 |
| 035 ## - NÚMERO DE CONTROL DEL SISTEMA | |
| Número de control de sistema | UPN01000172050 |
| 049 ## - COLECCIÓN | |
| Colección | CG |
| 050 #4 - SIGNATURA TOPOGRÁFICA DE LA BIBLIOTECA DEL CONGRESO | |
| Número de clasificación | LB1647 E5 |
| Número de documento/Ítem | E5.7 2002 |
| 245 03 - MENCIÓN DE TÍTULO | |
| Título | La enseñanza de las ciencias en la educación secundaria : |
| Resto del título | (planteamientos didácticos generales y ejemplos de aplicación en las ciencias físico-químicas) / |
| Mención de responsabilidad, etc. | Daniel Gil ... [et al.]. |
| 250 ## - MENCIÓN DE EDICIÓN | |
| Mención de edición | 2a ed. |
| 260 ## - PUBLICACIÓN, DISTRIBUCIÓN, ETC. | |
| Lugar de publicación, distribución, etc. | Barcelona, Esp. : |
| Nombre del editor, distribuidor, etc. | ICE : |
| -- | Horsori, |
| Fecha de publicación, distribución, etc. | 2002. |
| 300 ## - DESCRIPCIÓN FÍSICA | |
| Extensión | 232 p. |
| 440 #0 - MENCIÓN DE SERIE/ASIENTO SECUNDARIO--TÍTULO | |
| Título | Cuadernos de educación ; |
| Designación de volumen o secuencia | 5 |
| 650 #4 - ASIENTO SECUNDARIO DE MATERIA - TERMINO TEMATICO | |
| Término de materia o nombre geográfico como elemento de entrada | CIENCIA - |
| Subdivisión general | ESTUDIO Y ENSEÑANZA (SECUNDARIA) - |
| Subdivisión geográfica | ESPAÑA |
| 9 (RLIN) | 13293 |
| 650 #4 - ASIENTO SECUNDARIO DE MATERIA - TERMINO TEMATICO | |
| Término de materia o nombre geográfico como elemento de entrada | Maestros |
| Subdivisión general | Formación profesional |
| Subdivisión geográfica | España |
| 9 (RLIN) | 783 |
| 700 1# - ASIENTO SECUNDARIO--NOMBRE DE PERSONAL | |
| Nombre de persona | Gil, Daniel, |
| Numeración | coaut. |
| 905 ## - TIPO DE MATERIAL | |
| Tipo de material | Libro |
| Estado de retiro | Estado de pérdida | Fuente del sistema de clasificación o colocación | Estado dañado | No para préstamo | Código de colección | Localización permanente | Ubicación/localización actual | Ubicación en estantería | Total de préstamos | Clasificación | Código de barras | Fecha visto por última vez | Número de copia | Tipo de ítem Koha | Fecha de adquisición | Fecha del último préstamo |
|---|---|---|---|---|---|---|---|---|---|---|---|---|---|---|---|---|
| Library of Congress Classification | Colección General | Bib. Gregorio Torres Quintero | Bib. Gregorio Torres Quintero | Planta baja | 3 | LB1647 E5 E5.7 2002 | 265361 | 31/12/2020 | 1 | Libro | ||||||
| Library of Congress Classification | Colección General | Bib. Gregorio Torres Quintero | Bib. Gregorio Torres Quintero | Planta baja | LB1647 E5 E5.7 2002 | 318255 | 31/12/2020 | 1 | Libro | |||||||
| Library of Congress Classification | Colección General | Bib. Gregorio Torres Quintero | Bib. Gregorio Torres Quintero | Planta baja | 5 | LB1647 E5 E5.7 2002 | 265360 | 24/11/2022 | 1 | Libro | 10/11/2022 | 10/11/2022 | ||||
| Library of Congress Classification | Colección General | Bib. Gregorio Torres Quintero | Bib. Gregorio Torres Quintero | Planta baja | 5 | LB1647 E5 E5.7 2002 | 265359 | 31/12/2020 | 1 | Libro |
